Investigation of seasonal dynamics of [beta]- and [gamma]-radiation Helds vertical profile in the surface atmospheric layer; IOP Conference Series: Materials Science and Engineering; Vol. 135 : Issues of Physics and Technology in Science, Industry and Medicine
| Parent link: | IOP Conference Series: Materials Science and Engineering Vol. 135 : Issues of Physics and Technology in Science, Industry and Medicine.— 2016.— [012036, 6 p.] |
|---|---|
| Autor Corporativo: | |
| Outros autores: | , , , |
| Summary: | Title screen This paper is devoted to the seasonal dynamics of [beta]- and [gamma]-radiation field vertical profile in the surface atmospheric layer study. The findings revealed the following: a) significant seasonal variation in vertical distribution characteristics fields [beta]- and [gamma]-radiation; b) reduced [beta]-radiation flux density and [gamma]-radiation dose with increasing height is maintained in the range of spring and fall, namely, starting with snow melt and finishing its setting; c) distortion vertical profile in the winter season, an inverse relationship [beta]-flux density and dose rate of [gamma]-radiation from the heights above the earth's surface was registered. |
| Idioma: | inglés |
| Publicado: |
2016
|
| Subjects: | |
| Acceso en liña: | http://dx.doi.org/10.1088/1757-899X/135/1/012036 http://earchive.tpu.ru/handle/11683/34825 |
| Formato: | Electrónico Capítulo de libro |
| KOHA link: | https://koha.lib.tpu.ru/cgi-bin/koha/opac-detail.pl?biblionumber=650314 |
MARC
| LEADER | 00000nla2a2200000 4500 | ||
|---|---|---|---|
| 001 | 650314 | ||
| 005 | 20240226101948.0 | ||
| 035 | |a (RuTPU)RU\TPU\network\15532 | ||
| 035 | |a RU\TPU\network\15531 | ||
| 090 | |a 650314 | ||
| 100 | |a 20161003a2016 k y0engy50 ba | ||
| 101 | 0 | |a eng | |
| 102 | |a GB | ||
| 105 | |a y z 100zy | ||
| 135 | |a drgn ---uucaa | ||
| 181 | 0 | |a i | |
| 182 | 0 | |a b | |
| 200 | 1 | |a Investigation of seasonal dynamics of [beta]- and [gamma]-radiation Helds vertical profile in the surface atmospheric layer |f K. S. Ryabkina [et al.] | |
| 203 | |a Text |c electronic | ||
| 300 | |a Title screen | ||
| 320 | |a [References: 6 tit.] | ||
| 330 | |a This paper is devoted to the seasonal dynamics of [beta]- and [gamma]-radiation field vertical profile in the surface atmospheric layer study. The findings revealed the following: a) significant seasonal variation in vertical distribution characteristics fields [beta]- and [gamma]-radiation; b) reduced [beta]-radiation flux density and [gamma]-radiation dose with increasing height is maintained in the range of spring and fall, namely, starting with snow melt and finishing its setting; c) distortion vertical profile in the winter season, an inverse relationship [beta]-flux density and dose rate of [gamma]-radiation from the heights above the earth's surface was registered. | ||
| 461 | 0 | |0 (RuTPU)RU\TPU\network\2008 |t IOP Conference Series: Materials Science and Engineering | |
| 463 | 0 | |0 (RuTPU)RU\TPU\network\15011 |t Vol. 135 : Issues of Physics and Technology in Science, Industry and Medicine |o VIII International Scientific Conference, 1–3 June 2016, Tomsk, Russia |o [proceedings] |v [012036, 6 p.] |d 2016 | |
| 610 | 1 | |a электронный ресурс | |
| 610 | 1 | |a труды учёных ТПУ | |
| 610 | 1 | |a альфа-излучения | |
| 610 | 1 | |a гамма-излучения | |
| 610 | 1 | |a атмосфера | |
| 610 | 1 | |a поверхностные слои | |
| 701 | 1 | |a Ryabkina |b K. S. | |
| 701 | 1 | |a Kondrateva (Kondratieva) |b A. G. |c Physicist |c Programmer of Tomsk Polytechnic University |f 1979- |g Alla Georgievna |3 (RuTPU)RU\TPU\pers\34943 |9 18261 | |
| 701 | 1 | |a Nagorskiy |b P. M. | |
| 701 | 1 | |a Yakovleva |b V. S. |c physicist |c Associate Professor of Tomsk Polytechnic University, Candidate of physical and mathematical sciences |f 1970- |g Valentina Stanislavovna |3 (RuTPU)RU\TPU\pers\31214 |9 15410 | |
| 712 | 0 | 2 | |a Национальный исследовательский Томский политехнический университет (ТПУ) |b Физико-технический институт (ФТИ) |b Кафедра прикладной физики (№ 12) (ПФ) |3 (RuTPU)RU\TPU\col\18729 |
| 801 | 2 | |a RU |b 63413507 |c 20170120 |g RCR | |
| 856 | 4 | |u http://dx.doi.org/10.1088/1757-899X/135/1/012036 | |
| 856 | 4 | |u http://earchive.tpu.ru/handle/11683/34825 | |
| 942 | |c CF | ||